00750nam a2200241 a 4500001001300000003000900013005001700022008004100039020002300080082001900103100001800122245004700140260005500187300000900242500003500251505002400286650001600310700001800326902000800344942000700352952013200359999001700491nice12345678IN_TiNIC20260116013735.0050524s1997 newa grp 000 0 eng  a8121521 c25000a305.40954bDES aDesai, Tripta aWomen in Indiab a Brief Historical Survey aNew Delhi bMunshiram Manoharlal Publishers c1997 a161p aincludes index and biblioraphy2 aBibliography, Index aWomen-India1 aDesai, Tripta bSRS cBK 001040708StackRoom-aHMIbHMId2007-08-29g250.00l5o305.40954 DESp018562r2023-01-02s2023-01-02v250.00w2005-05-24yBK c12243d12243